Classical Fourier analysis

Αποθηκεύτηκε σε:
Λεπτομέρειες βιβλιογραφικής εγγραφής
Κύριος συγγραφέας: Grafakos, Loukas
Μορφή: Βιβλίο
Γλώσσα:English
Δημοσίευση: New York : Springer, c2014.
Έκδοση:3η εκδ.
Σειρά:Graduate texts in mathematics ; 249
Θέματα:
Ετικέτες: Προσθήκη ετικέτας
Δεν υπάρχουν, Καταχωρήστε ετικέτα πρώτοι!

MARC

LEADER 00000nam a2200000 a 4500
001 1/111942
008 160916t2014####nyu| ||| |||| ||eng||
020 |a 9781493911936  
040 |a GR-MyUa  |b gre  |c GR-MyUa  |e AACR2 
041 0 |a eng 
082 7 |a 515.2433   |2 (23)  
100 1 |a Grafakos, Loukas. 
245 1 0 |a Classical Fourier analysis /   |c Loukas Grafakos.  
250 |a 3η εκδ.  
260 |a New York :   |b Springer,   |c c2014. 
300 |a xvii, 638 σ. :   |b εικ. ;   |c 25 εκ.  
490 1 |a (Graduate texts in mathematics ;   |v 249) 
504 |a Βιβλιογραφία: σ. 617-631. Ευρετήριο.  
650 0 |a Fourier analysis 
830 0 |a Graduate texts in mathematics ;  |v 249 
852 |a INST  |b SAMOS  |e 20160916  |h 515.2433 GRA  |p 005300043787  |q 005300043787  |t BK  |y 0 
922 |a 3ΕΛΗ  |b 201606  |c Τμήμα Μαθηματικών  |d Δρές 
970 |a Κοσιέρης  |b Χρήστος  |z 16-06-2016